UM Logo

The Role of Mass Media in Crime Prevention and the Level of Perception Among of the Selected Residence of Brgy. Zone 1, Digos City/ (Record no. 14965)

MARC details
000 -LEADER
fixed length control field 00709nam a22001697a 4500
008 - FIXED-LENGTH DATA ELEMENTS--GENERAL INFORMATION
fixed length control field 200203b ||||| |||| 00| 0 eng d
082 ## - DEWEY DECIMAL CLASSIFICATION NUMBER
Edition number 2013
Classification number UT 1452
Item number Se39
100 ## - MAIN ENTRY--PERSONAL NAME
Personal name Seguisabal, Mariz P.
9 (RLIN) 41549
245 ## - TITLE STATEMENT
Title The Role of Mass Media in Crime Prevention and the Level of Perception Among of the Selected Residence of Brgy. Zone 1, Digos City/
Statement of responsibility, etc. Mariz P. Seguisabal, Erwin Jay P. Lauria & Edward C. Gillado
260 ## - PUBLICATION, DISTRIBUTION, ETC. (IMPRINT)
Place of publication, distribution, etc. Digos City
Name of publisher, distributor, etc. UMDC
Date of publication, distribution, etc. March 2013
300 ## - PHYSICAL DESCRIPTION
Extent 36 pages
Dimensions 30 cm
650 ## - SUBJECT ADDED ENTRY--TOPICAL TERM
Topical term or geographic name as entry element Criminal Justice
Form subdivision Criminology
General subdivision Undergraduate Thesis
9 (RLIN) 36874
700 ## - ADDED ENTRY--PERSONAL NAME
Personal name Seguisabal, Mariz P.
9 (RLIN) 41550
700 ## - ADDED ENTRY--PERSONAL NAME
Personal name Lauria, Erwin Jay P.
9 (RLIN) 41551
700 ## - ADDED ENTRY--PERSONAL NAME
Personal name Gillado, Edward C.
9 (RLIN) 41552
942 ## - ADDED ENTRY ELEMENTS (KOHA)
Source of classification or shelving scheme Dewey Decimal Classification
Koha item type Undergraduate Thesis
Holdings
Withdrawn status Lost status Source of classification or shelving scheme Damaged status Not for loan Collection code Home library Current library Date acquired Total Checkouts Full call number Barcode Date last seen Price effective from Koha item type
    Dewey Decimal Classification     Undergraduate Theses UM Digos College - LIC UM Digos College - LIC 01/22/2020   UT 1452 Se39 2013 UT 1452 02/03/2020 02/03/2020 Undergraduate Thesis